书目信息 |
| 书名: | Serve the people | |
| 作者: | Jen Lin-Liu. | |
| 分册号: | ||
| 分册名: | 出版地: | Boston ; |
|
| 出版社: | Houghton Mifflin Harcourt | |
| 出版时间: | 2009, c2008. | |
| 页数: | 341 p. | |
| 开本: | 21 cm. | |
| 丛书名: | ||
| 中图分类号: | ||
| 科图分类号: | ||
| 其他分类号: | TS971 | |
| 主题词: | ||
| 电子资源: | ||
| 000 | 00791cam 2200253Ia 450 | |
| 001 | 202012002232 | |
| 005 | 20121125163001.0 | |
| 008 | 081103t20092008mau b 000 0 eng d | |
| 020 | @a9780156033749@c$13.95 | |
| 040 | @aBTCTA@cBTCTA@dYDXCP@dMYG@dHUA | |
| 099 | @dTS971@eJ513 | |
| 100 | 1 | @a |
| 245 | 10 | @aServe the people :@ba stir-fried journey through China @cJen Lin-Liu. |
| 250 | @a1st Mariner Books ed. | |
| 260 | @aBoston ;@aNew York :@bHoughton Mifflin Harcourt,@c2009, c2008. | |
| 300 | @a341 p.@c21 cm. | |
| 490 | 1 | @aMariner books. |
| 504 | @aIncludes bibliographical references (p. 337-338). | |
| 600 | 10 | @aLin-Liu, Jen. |
| 650 | 0 | @aCooking, Chinese. |
| 651 | 0 | @aChina@xSocial life and customs. |
| 830 | 0 | @aMariner book. |
| 905 | @b12361 | |
| 905 | @aTSG@dTS971@eJ513 | |
| Serve the people : : a stir-fried journey through China / Jen Lin-Liu.-1st Mariner Books ed.-Boston ; ; New York : : Houghton Mifflin Harcourt, , 2009, c2008. |
| 341 p. ; 21 cm.- (Mariner books.) |
| Includes bibliographical references (p. 337-338). |
| ISBN 9780156033749$13.95 |
| ● |
| 相关链接 |
|
|
|
正题名:Serve the people
索取号:TS971/J513
 
预约/预借
| 序号 | 登录号 | 条形码 | 馆藏地/架位号 | 状态 | 备注 |
| 1 | 12361 | 300123612 | 自科库501/ [索取号:TS971/J513] | 在馆 |